| 000 -LEADER |
| fixed length control field |
02315cam a2200445 a 4500 |
| 001 - CONTROL NUMBER |
| control field |
14937475 |
| 005 - DATE AND TIME OF LATEST TRANSACTION |
| control field |
20250328104151.0 |
| 008 - FIXED-LENGTH DATA ELEMENTS--GENERAL INFORMATION |
| fixed length control field |
070723s2008 ctu b 001 0 eng |
| 010 ## - LIBRARY OF CONGRESS CONTROL NUMBER |
| LC control number |
2007030213 |
| 015 ## - NATIONAL BIBLIOGRAPHY NUMBER |
| National bibliography number |
GBA761619 |
| Source |
bnb |
| 016 7# - NATIONAL BIBLIOGRAPHIC AGENCY CONTROL NUMBER |
| Record control number |
013810790 |
| Source |
Uk |
| 016 7# - NATIONAL BIBLIOGRAPHIC AGENCY CONTROL NUMBER |
| Record control number |
101463284 |
| Source |
DNLM |
| 020 ## - INTERNATIONAL STANDARD BOOK NUMBER |
| International Standard Book Number |
9780275999186 (alk. paper) |
| 020 ## - INTERNATIONAL STANDARD BOOK NUMBER |
| International Standard Book Number |
0275999181 (alk. paper) |
| 035 ## - SYSTEM CONTROL NUMBER |
| System control number |
(OCoLC)ocn163616556 |
| 035 ## - SYSTEM CONTROL NUMBER |
| System control number |
(OCoLC)163616556 |
| 040 ## - CATALOGING SOURCE |
| Original cataloging agency |
DLC |
| Transcribing agency |
DLC |
| Modifying agency |
UKM |
| -- |
BAKER |
| -- |
BTCTA |
| -- |
YDXCP |
| -- |
C#P |
| -- |
WUL |
| -- |
NLM |
| -- |
DLC |
| 043 ## - GEOGRAPHIC AREA CODE |
| Geographic area code |
n-us--- |
| 050 00 - LIBRARY OF CONGRESS CALL NUMBER |
| Classification number |
KF3821 |
| Item number |
.S33 2008 |
| 060 00 - NATIONAL LIBRARY OF MEDICINE CALL NUMBER |
| Classification number |
2008 A-286 |
| 060 10 - NATIONAL LIBRARY OF MEDICINE CALL NUMBER |
| Classification number |
WB 33 AA1 |
| Item number |
S298u 2008 |
| 082 00 - DEWEY DECIMAL CLASSIFICATION NUMBER |
| Classification number |
344.73041 |
| Edition number |
22 |
| Author Mark |
SCH |
| 100 1# - MAIN ENTRY--PERSONAL NAME |
| Personal name |
Schaller, Barry R., |
| Dates associated with a name |
1938- |
| 9 (RLIN) |
128596 |
| 245 10 - TITLE STATEMENT |
| Title |
Understanding bioethics and the law : |
| Remainder of title |
the promises and perils of the brave new world of biotechnology / |
| Statement of responsibility, etc. |
Barry R. Schaller ; foreword by Todd Brewster. |
| 260 ## - PUBLICATION, DISTRIBUTION, ETC. |
| Place of publication, distribution, etc. |
Westport, Conn. : |
| Name of publisher, distributor, etc. |
Praeger, |
| Date of publication, distribution, etc. |
2008. |
| 300 ## - PHYSICAL DESCRIPTION |
| Extent |
xviii, 241 p. ; |
| Dimensions |
25 cm. |
| 504 ## - BIBLIOGRAPHY, ETC. NOTE |
| Bibliography, etc. note |
Includes bibliographical references (p. [227]-229) and index. |
| 505 0# - FORMATTED CONTENTS NOTE |
| Formatted contents note |
The context of bioethics, law, and society -- The legal landscape of human research litigation -- Better off dead? can judges be metaphysicians? -- Body parts : allocating organs -- Stem cells : promise and politics -- Boundaries at the end of life : the strange case of Terri Schiavo -- New frontiers. |
| 650 #0 - SUBJECT ADDED ENTRY--TOPICAL TERM |
| Topical term or geographic name entry element |
Medical laws and legislation |
| Geographic subdivision |
United States. |
| 9 (RLIN) |
128597 |
| 650 #0 - SUBJECT ADDED ENTRY--TOPICAL TERM |
| Topical term or geographic name entry element |
Bioethics |
| Geographic subdivision |
United States. |
| 9 (RLIN) |
128598 |
| 650 #0 - SUBJECT ADDED ENTRY--TOPICAL TERM |
| Topical term or geographic name entry element |
Medical jurisprudence |
| Geographic subdivision |
United States. |
| 9 (RLIN) |
128599 |
| 650 12 - SUBJECT ADDED ENTRY--TOPICAL TERM |
| Topical term or geographic name entry element |
Bioethical Issues |
| General subdivision |
legislation & jurisprudence |
| Geographic subdivision |
United States. |
| 9 (RLIN) |
128600 |
| 650 22 - SUBJECT ADDED ENTRY--TOPICAL TERM |
| Topical term or geographic name entry element |
Ethics, Medical |
| Geographic subdivision |
United States. |
| 9 (RLIN) |
128601 |
| 650 22 - SUBJECT ADDED ENTRY--TOPICAL TERM |
| Topical term or geographic name entry element |
Genetic Engineering |
| General subdivision |
legislation & jurisprudence |
| Geographic subdivision |
United States. |
| 9 (RLIN) |
128602 |
| 650 22 - SUBJECT ADDED ENTRY--TOPICAL TERM |
| Topical term or geographic name entry element |
Jurisprudence |
| Geographic subdivision |
United States. |
| 9 (RLIN) |
128603 |
| 856 41 - ELECTRONIC LOCATION AND ACCESS |
| Materials specified |
Table of contents only |
| Uniform Resource Identifier |
<a href="http://www.loc.gov/catdir/toc/ecip0723/2007030213.html">http://www.loc.gov/catdir/toc/ecip0723/2007030213.html</a> |
| 906 ## - LOCAL DATA ELEMENT F, LDF (RLIN) |
| a |
7 |
| b |
cbc |
| c |
orignew |
| d |
1 |
| e |
ecip |
| f |
20 |
| g |
y-gencatlg |
| 942 ## - ADDED ENTRY ELEMENTS (KOHA) |
| Source of classification or shelving scheme |
|
| Koha item type |
Book |